Interest rate spreads in the Eastern Caribean

Guardado en:
Detalles Bibliográficos
Autor principal: Randall, Ruby
Formato: Libro
Lenguaje:inglés
Publicado: Washington IMF 1998
Colección:IMF Working Paper 59
Materias:
Etiquetas: Agregar Etiqueta
Sin Etiquetas, Sea el primero en etiquetar este registro!

MARC

LEADER 00000nam a2200000 4500
001 c102604
005 20221221082709.5
041 0 |a eng 
044 |a US 
245 1 0 |a Interest rate spreads in the Eastern Caribean  |c Ruby Randall 
264 1 |a Washington  |b IMF  |c 1998 
300 |a 39 s. 
490 1 |a IMF Working Paper  |v 59 
830 0 |a IMF Working Paper  |v 59 
610 2 0 |a miera úroková 
610 2 0 |a obligácie 
610 2 0 |a náklady 
610 2 0 |a banky obchodné 
100 1 |a Randall, Ruby